Quadros históricos de Mato Grosso : (Record no. 1324)

MARC details
000 -LÍDER
Campo Fixo de Controle 00790nam a2200229 a 4500
001 - NÚMERO DE CONTROLE
Campo de Controle 1324
003 - IDENTIFICAÇÃO DO NÚMERO DE CONTROLE
Campo de Controle BR-CuiBMT
005 - DATA E HORA DA ÚLTIMA ATUALIZAÇÃO
Campo de Controle 20231205014406.0
008 - DADOS FIXOS
Dados Fixos 231205s2000 mtba 001 0 por d
040 ## - AGÊNCIA CATALOGADORA
Código da Agência Catalogadora BR-CuiBMT
Agência que transcreveu o registro BR-CuiBMT
080 ## - Nº DA CLASSIFICAÇÃO DECIMAL UNIVERSAL
Nº Class. CDU 94
Subd. Auxiliar Comum (817.2).02/.03
Nº edição CDU 2007
090 ## - NÚMERO DE CHAMADA
Nº classificação 94(817.2).02/.03
Cutter S586q
100 1# - ENTRADA PRINCIPAL -- AUTOR PESSOAL
Nome pessoal Silva, Paulo Pitaluga Costa e
245 10 - TÍTULO PRINCIPAL
Título principal Quadros históricos de Mato Grosso :
Subtítulo período colonial /
Indicação de responsabilidade Paulo Pitaluga Costa e Silva, Moacyr Freitas.
260 ## - PUBLICAÇÃO, DISTRIBUIÇÃO, ETC.
Local de publicação Cuiabá :
Editora [s.n.],
Data 2000.
300 ## - DESCRIÇÃO FÍSICA
N. páginas ou volumes 70 p. :
Ilustrações il., color. ;
Dimensões 22x29 cm
504 ## - NOTA DE BIBLIOGRAFIA, ETC.
Nota de bibliografia Inclui bibliografia e índice.
650 ## - ASSUNTO TÓPICO
Cabeçalho tópico ou nome geográfico Quadros históricos
Subdivisão cronológica Período colonial
Subdivisão geográfica Mato Grosso
651 ## - ASSUNTO -- NOME GEOGRÁFICO
Nome geográfico Mato Grosso
Subdivisão geral História
Subdivisão cronológica Período colonial
700 1# - ENTRADA SECUNDÁRIA -- NOME PESSOAL
Nome pessoal Freitas, Moacyr,
Datas associadas ao nome 1930-
942 ## - ELEMENTOS DE ENTRADA ADICIONAIS (KOHA)
Fonte de classificação ou esquema de arquivamento Classificação Decimal Universal
Tipo de item do Koha Livros
Holdings
Estado: removido Estado: perdido Fonte de classificação ou esquema de arquivamento Estado: danificado Indisponível para empréstimo Localização permanente Localização atual Data de aquisição Total Checkouts Número de Chamada completo Código de barras Date last seen Número do exemplar Preço efetivo a partir de Tipo de item (Koha)
    Classificação Decimal Universal     Biblioteca da Escola Superior de Contas do TCE/MT Biblioteca da Escola Superior de Contas do TCE/MT 05/12/2023   94(817.2).02/.03 S586q BIBTCEMT23120167 05/12/2023 Ex. 1 05/12/2023 Livros
    Classificação Decimal Universal     Biblioteca da Escola Superior de Contas do TCE/MT Biblioteca da Escola Superior de Contas do TCE/MT 15/03/2024   94(817.2).02/.03 S586q BIBTCEMT24030008 15/03/2024 Ex. 2 15/03/2024 Livros
    Classificação Decimal Universal     Biblioteca da Escola Superior de Contas do TCE/MT Biblioteca da Escola Superior de Contas do TCE/MT 15/03/2024   94(817.2).02/.03 S586q BIBTCEMT24030009 15/03/2024 Ex. 3 15/03/2024 Livros
    Classificação Decimal Universal     Biblioteca da Escola Superior de Contas do TCE/MT Biblioteca da Escola Superior de Contas do TCE/MT 15/03/2024   94(817.2).02/.03 S586q BIBTCEMT24030010 15/03/2024 Ex. 4 15/03/2024 Livros

Powered by Koha